| 000 | 00511nam a2200133 a 4500 | ||
|---|---|---|---|
| 001 | 000046260 | ||
| 005 | 20201002052738.0 | ||
| 008 | 150713s1990 dr 000 0 spa d | ||
| 040 |
_aDO-SdBNP _bspa _cBNPHU |
||
| 245 | 0 | 0 |
_aTraslado al panteón nacional de los restos de : _bDon Federico Henríquez y Carvajal, Don Francisco Henríquez y Carvajal. |
| 260 |
_aSanto Domingo, República Dominicana : _bAcademia Dominicana de la Historia, _c1990. |
||
| 300 |
_a9 p. ; _c22 cm. |
||
| 500 | _aTítulo tomado de la cubierta | ||
| 999 |
_c45749 _d45749 |
||